Recopilación y análisis de las modificaciones a la legislación tributaria
Salvato in:
| Autore principale: | |
|---|---|
| Natura: | Libro |
| Lingua: | spagnolo |
| Pubblicazione: |
Santiago
Jurídica de Chile
1967
|
| Soggetti: | |
| Tags: |
Aggiungi Tag
Nessun Tag, puoi essere il primo ad aggiungerne!!
|
MARC
| LEADER | 00000nam a2200000 a 4500 | ||
|---|---|---|---|
| 001 | UCS0499 | ||
| 003 | CL-VaPUC | ||
| 008 | 970426e19670000CL |||||||||||||||||spa|d | ||
| 082 | 0 | 4 | |a 343.04 |b CAR |2 21 |
| 100 | 0 | |a Carvallo Hederra, Sergio |e author |9 384095 | |
| 245 | 1 | 0 | |a Recopilación y análisis de las modificaciones a la legislación tributaria |
| 300 | |a 2 v | ||
| 942 | |c BK | ||
| 945 | |d 19970426 00:00:00 |a paguirre | ||
| 260 | |a Santiago |b Jurídica de Chile |c 1967 | ||
| 500 | |a v.1: Primer Semestre año 1967 | ||
| 500 | |a v.2: Segundo Semestre año 1967 | ||
| 650 | 0 | |a Derecho tributario |9 258895 | |
| 650 | 7 | |a LEGISLACION |2 CL-VaPUC |9 384096 | |
| 650 | 7 | |a SISTEMA TRIBUTARIO |2 CL-VaPUC |9 384097 | |
| 650 | 0 | |a Impuestos |9 255450 | |
| 650 | 0 | |a Impuesto a la renta |9 258171 | |
| 650 | 0 | |a Bienes raíces |9 307158 | |
| 650 | 7 | |a IMPUESTO A LOS SERVICIOS |2 CL-VaPUC |9 384098 | |
| 650 | 7 | |a IMPUESTO A LAS ASIGNACIONES HERENCIA Y DONACIONES |2 CL-VaPUC |9 384099 | |
| 650 | 0 | |a Impuesto al Valor Agregado (IVA) |9 258896 | |
| 651 | 7 | |a CHILE |2 CL-VaPUC |9 384100 | |
| 583 | |a last modification |c 19970426 00:00:00 |k Rodrigo Vera | ||
| 999 | |c 258726 |d 258724 | ||
| 952 | |0 0 |1 0 |4 0 |6 343_040000000000000_CAR_1967 |7 0 |8 P |9 283003 |a BIBDER |b BIBDER |d 2019-11-19 |h v.1 |i 1836196 |o 343.04 CAR 1967 |p 1836196 |r 2023-01-25 |w 2019-11-19 |y BK |k DER | ||
| 952 | |0 0 |1 0 |4 0 |6 343_040000000000000_CAR_1967 |7 0 |8 P |9 283004 |a BIBDER |b BIBDER |d 2019-11-19 |h v.2 |i 183620K |o 343.04 CAR 1967 |p 183620K |r 2023-01-25 |w 2019-11-19 |y BK |k DER | ||